<?xml version="1.0" encoding="UTF-8"?>
<record
    xmlns:xsi="http://www.w3.org/2001/XMLSchema-instance"
    xsi:schemaLocation="http://www.loc.gov/MARC21/slim http://www.loc.gov/standards/marcxml/schema/MARC21slim.xsd"
    xmlns="http://www.loc.gov/MARC21/slim">

  <leader>02650cam a22003015a 4500</leader>
  <controlfield tag="001">18008812</controlfield>
  <controlfield tag="005">20160210144128.0</controlfield>
  <controlfield tag="008">140115t2014    flua   frb    001 0 eng d</controlfield>
  <datafield tag="020" ind1=" " ind2=" ">
    <subfield code="a">9781466568709 (hardback)</subfield>
  </datafield>
  <datafield tag="040" ind1=" " ind2=" ">
    <subfield code="a">DLC</subfield>
    <subfield code="b">eng</subfield>
    <subfield code="c">DLC</subfield>
    <subfield code="d">EG-ScBUE </subfield>
    <subfield code="d">EG-ScBUE </subfield>
  </datafield>
  <datafield tag="082" ind1="0" ind2="4">
    <subfield code="a">005.74</subfield>
    <subfield code="b">KUD</subfield>
    <subfield code="2">22</subfield>
  </datafield>
  <datafield tag="100" ind1="1" ind2=" ">
    <subfield code="a">Kudyba, Stephan,</subfield>
    <subfield code="d">1963-</subfield>
    <subfield code="9">39290</subfield>
  </datafield>
  <datafield tag="245" ind1="1" ind2="0">
    <subfield code="a">Big data, mining, and analytics :</subfield>
    <subfield code="b">components of strategic decision making /</subfield>
    <subfield code="c">Stephan Kudyba ; foreword by Thomas H. Davenport.</subfield>
  </datafield>
  <datafield tag="260" ind1=" " ind2=" ">
    <subfield code="a">Boca Raton :</subfield>
    <subfield code="b">CRC Press / Taylor &amp; Francis Group,</subfield>
    <subfield code="c">c.2014.</subfield>
  </datafield>
  <datafield tag="300" ind1=" " ind2=" ">
    <subfield code="a">xv, 305 p. :</subfield>
    <subfield code="b">ill. (some color) ;</subfield>
    <subfield code="c">25 cm.</subfield>
  </datafield>
  <datafield tag="500" ind1=" " ind2=" ">
    <subfield code="a">Index : p. 289-305.</subfield>
  </datafield>
  <datafield tag="504" ind1=" " ind2=" ">
    <subfield code="a">Includes bibliographical references.</subfield>
  </datafield>
  <datafield tag="520" ind1=" " ind2=" ">
    <subfield code="a">"Foreword Big data and analytics promise to change virtually every industry and business function over the next decade. Any organization that gets started early with big data can gain a significant competitive edge. Just as early analytical competitors in the "small data" era (including Capital One bank, Progressive Insurance, and Marriott hotels) moved out ahead of their competitors and built a sizable competitive edge, the time is now for firms to seize the big data opportunity. As this book describes, the potential of big data is enabled by ubiquitous computing and data gathering devices; sensors and microprocessors will soon be everywhere. Virtually every mechanical or electronic device can leave a trail that describes its performance, location, or state. These devices, and the people who use them, communicate through the Internet--which leads to another vast data source. When all these bits are combined with those from other media--wireless and wired telephony, cable, satellite, and so forth--the future of data appears even bigger. The availability of all this data means that virtually every business or organizational activity can be viewed as a big data problem or initiative. Manufacturing, in which most machines already have one or more microprocessors, is increasingly a big data environment. Consumer marketing, with myriad customer touchpoints and clickstreams, is already a big data problem. Google has even described its self-driving car as a big data project. Big data is undeniably a big deal, but it needs to be put in context"--</subfield>
  </datafield>
  <datafield tag="650" ind1=" " ind2="0">
    <subfield code="a">Strategic planning</subfield>
    <subfield code="x">Data processing.</subfield>
    <subfield code="2">BUEsh</subfield>
  </datafield>
  <datafield tag="650" ind1=" " ind2="7">
    <subfield code="a">Data mining.</subfield>
    <subfield code="2">BUEsh</subfield>
    <subfield code="9">27695</subfield>
  </datafield>
  <datafield tag="650" ind1=" " ind2="7">
    <subfield code="a">Big data.</subfield>
    <subfield code="2">BUEsh</subfield>
    <subfield code="9">36502</subfield>
  </datafield>
  <datafield tag="650" ind1=" " ind2="0">
    <subfield code="a">Webometrics.</subfield>
    <subfield code="2">BUEsh</subfield>
  </datafield>
  <datafield tag="650" ind1=" " ind2="0">
    <subfield code="a">Data loggers.</subfield>
    <subfield code="2">BUEsh</subfield>
  </datafield>
  <datafield tag="651" ind1=" " ind2=" ">
    <subfield code="2">BUEsh</subfield>
  </datafield>
  <datafield tag="653" ind1=" " ind2=" ">
    <subfield code="b">COMSCI</subfield>
    <subfield code="c">July2015</subfield>
    <subfield code="c">February2016</subfield>
  </datafield>
  <datafield tag="700" ind1="1" ind2=" ">
    <subfield code="a">Davenport, Thomas H. </subfield>
    <subfield code="e">author of introduction, etc.</subfield>
  </datafield>
  <datafield tag="942" ind1=" " ind2=" ">
    <subfield code="2">ddc</subfield>
  </datafield>
  <datafield tag="999" ind1=" " ind2=" ">
    <subfield code="c">20307</subfield>
    <subfield code="d">20279</subfield>
  </datafield>
  <datafield tag="952" ind1=" " ind2=" ">
    <subfield code="0">0</subfield>
    <subfield code="1">0</subfield>
    <subfield code="2">ddc</subfield>
    <subfield code="4">0</subfield>
    <subfield code="7">0</subfield>
    <subfield code="8">Baccah</subfield>
    <subfield code="a">MAIN</subfield>
    <subfield code="b">MAIN</subfield>
    <subfield code="c">LOW</subfield>
    <subfield code="d">2015-07-08</subfield>
    <subfield code="e">Purchase</subfield>
    <subfield code="g">495.00</subfield>
    <subfield code="h">21782</subfield>
    <subfield code="l">1</subfield>
    <subfield code="m">2</subfield>
    <subfield code="o">005.74 KUD</subfield>
    <subfield code="p">000039267</subfield>
    <subfield code="q">2019-11-28</subfield>
    <subfield code="r">2016-09-01 00:00:00</subfield>
    <subfield code="s">2016-09-01</subfield>
    <subfield code="v">619.00</subfield>
    <subfield code="y">BB</subfield>
  </datafield>
</record>
